| 000 | 01675nam a22002417a 4500 | ||
|---|---|---|---|
| 999 |
_c60245 _d60245 |
||
| 003 | Ge_BSU | ||
| 005 | 20230621143024.0 | ||
| 008 | 230621s2014 ge ||||| |||| 00| 0 geo d | ||
| 020 | _a9789941446092 | ||
| 041 | _ageo | ||
| 080 | _a352.071(479.22–25) კ-44 | ||
| 100 |
_aკვარაცხელია, მაკა _918871 |
||
| 245 |
_aქალაქ თბილისის თვითმმართველობა : _bარჩევნები. საკანონმდებლო ბაზა. ბიუჯეტი, 1917-1921 / _cმაკა კვარაცხელია ; რედ. ვახტანგ გურული ; საქ. საპატრიარქოს წმ. ანდრია პირველწოდებულის სახ. ქართ. უნ-ტის ჰუმანიტ. მეცნ. ფაკ-ტი. |
||
| 264 |
_aთბილისი : _b არტანუჯი, _c2014. |
||
| 300 |
_a150 გვ. _b+ 6 ჩართ. ფ. ფოტ. _c 20 სმ. |
||
| 501 | _aსაძიებელი: გვ. 140-142. | ||
| 504 | _aბიბლიოგრ. ტექსტ. შენიშვნ. და გვ. 143-147. | ||
| 520 | _aრეზ. ინგლ. | ||
| 653 | _aთბილისის თვითმმართველობა | ||
| 700 |
_aგურული, ვახტანგ _eრედაქტორი _918872 |
||
| 710 |
_aსაქ. საპატრიარქოს წმ. ანდრია პირველწოდებულის სახ. ქართ. უნ-ტი. _b ჰუმანიტ. მეცნ. ფაკ-ტი. _918873 |
||
| 942 |
_2udc _cBK |
||